| 000 | 00371nam a22001217a 4500 | ||
|---|---|---|---|
| 082 | _a200 THE | ||
| 100 |
_aHamza Ali _973213 |
||
| 245 | _aTH-SOF-1796-FE Modelling of porous structures using Selective laser melting | ||
| 260 |
_aISLAMABAD _bNUST COLLEGE OF EME _c2020 |
||
| 650 |
_aMS-MECH-17 _973125 |
||
| 700 |
_aSupervisor Dr. Khalid Mahmood _969858 |
||
| 942 |
_cCF _2ddc |
||
| 999 |
_c579032 _d579032 |
||